<?xml version="1.0" encoding="UTF-8"?>
<record
    xmlns:xsi="http://www.w3.org/2001/XMLSchema-instance"
    xsi:schemaLocation="http://www.loc.gov/MARC21/slim http://www.loc.gov/standards/marcxml/schema/MARC21slim.xsd"
    xmlns="http://www.loc.gov/MARC21/slim">

  <leader>01129nam a2200205 a 4500</leader>
  <controlfield tag="008">180515t2006    ag  |||g |||| 001 f spa d</controlfield>
  <datafield tag="020" ind1=" " ind2=" ">
    <subfield code="a">9875801569</subfield>
  </datafield>
  <datafield tag="041" ind1=" " ind2=" ">
    <subfield code="a">spa</subfield>
  </datafield>
  <datafield tag="092" ind1=" " ind2=" ">
    <subfield code="c">808</subfield>
    <subfield code="l">3</subfield>
    <subfield code="s">AND</subfield>
  </datafield>
  <datafield tag="100" ind1="1" ind2=" ">
    <subfield code="a">Andahazi, Federico</subfield>
    <subfield code="9">3914</subfield>
  </datafield>
  <datafield tag="245" ind1="3" ind2=" ">
    <subfield code="a">El anatomista /</subfield>
    <subfield code="c">Federico Andahazi</subfield>
  </datafield>
  <datafield tag="250" ind1=" " ind2=" ">
    <subfield code="a">1a ed.</subfield>
  </datafield>
  <datafield tag="260" ind1=" " ind2=" ">
    <subfield code="a">Buenos Aires:</subfield>
    <subfield code="b">Booket;</subfield>
    <subfield code="c">2006.</subfield>
  </datafield>
  <datafield tag="300" ind1=" " ind2=" ">
    <subfield code="a">232 p.</subfield>
    <subfield code="b">19x13 cm</subfield>
  </datafield>
  <datafield tag="500" ind1=" " ind2=" ">
    <subfield code="a">Andahazi, F. (2006). El anatomista. (1a ed.). Buenos Aires : Booket.</subfield>
  </datafield>
  <datafield tag="505" ind1=" " ind2=" ">
    <subfield code="a">El h&#xE9;roe de esta novela es Mateo Col&#xF3;n, un anatomista de Renacimiento que, al enamorarse de una prostituta veneciana, emprende la b&#xFA;squeda de alguna p&#xF3;cima para conseguir el amor. El anatomista comienza as&#xED; la ardua exploraci&#xF3;n de la misteriosa naturaleza de las mujeres. Cuando intente hacerlo p&#xFA;blico, Col&#xF3;n deber&#xE1; enfrentar otro poder: el de la despiadada inquisici&#xF3;n. Federico Andahazi ha construido una novela apasionante, basada en la historia de uno de los m&#xE9;dicos m&#xE1;s sobresalientes del Renacimiento. </subfield>
  </datafield>
  <datafield tag="590" ind1=" " ind2=" ">
    <subfield code="a">Proyecto 4to libro. Donaci&#xF3;n Adriana Navarro. Febrero 2019.</subfield>
  </datafield>
  <datafield tag="655" ind1=" " ind2=" ">
    <subfield code="a">Novela</subfield>
    <subfield code="9">3091</subfield>
  </datafield>
  <datafield tag="942" ind1=" " ind2=" ">
    <subfield code="2">ddc</subfield>
    <subfield code="c">LIT</subfield>
  </datafield>
  <datafield tag="999" ind1=" " ind2=" ">
    <subfield code="c">2863</subfield>
    <subfield code="d">2863</subfield>
  </datafield>
  <datafield tag="952" ind1=" " ind2=" ">
    <subfield code="0">0</subfield>
    <subfield code="1">0</subfield>
    <subfield code="2">ddc</subfield>
    <subfield code="4">0</subfield>
    <subfield code="7">0</subfield>
    <subfield code="a">BFM</subfield>
    <subfield code="b">BFM</subfield>
    <subfield code="c">CR</subfield>
    <subfield code="d">2019-02-28</subfield>
    <subfield code="e">Proyecto 4to libro. Donaci&#xF3;n Adriana Navarro. Febrero 2019.</subfield>
    <subfield code="l">4</subfield>
    <subfield code="o">808 3 AND</subfield>
    <subfield code="p">4395</subfield>
    <subfield code="r">2022-08-10</subfield>
    <subfield code="s">2022-06-23</subfield>
    <subfield code="t">Ej. 1</subfield>
    <subfield code="w">2019-02-28</subfield>
    <subfield code="y">LIT</subfield>
    <subfield code="z">Proyecto 4to libro. Donaci&#xF3;n Adriana Navarro. Febrero 2019.</subfield>
  </datafield>
</record>
